000 01261nam a22002177a 4500
005 20260127143422.0
008 230714b ||||| |||| 00| 0 eng d
040 _cSSBUL
_dSSBUL
082 _223
_a၉၅၉.၁ မြင့် ၁၆၀၄၅ (S-SAT)
100 _aမြင့်မောင်၊
_cဒါရိုက်တာ။
_914675
245 _aလယ်တွင်းကိုးခရိုင် ရှေးခေတ်မြန်မာတို့၏စပါးကျီ /
_cဒါရိုက်တာ မြင့်မောင်။
260 _aရန်ကုန်၊
_bစာပေဗိမာန်၊
_c၁၉၈၉။
300 _a၂၀၀ စာမျက်နှာ၊
_bဓာတ်ပုံများ၊
_c၁၈ စင်တီ။
440 _aစာပေဗိမာန်ထုတ်ပြည်သူ့လက်စွဲစာစဉ်။
_927757
500 _aS-SAT: Dr. Prof Sai Aung Tun
504 _6ကျမ်းကိုးစာရင်းပါရှိသည်။
650 _aလယ်တွင်းကိုးခရိုင်။
_928014
650 _aဆည်မြောင်း။
_928015
650 _aကင်းတားရေလှောင်ကန်။
_928016
942 _2ddc
_cBK1
999 _c27224
_d27224